<?xml version="1.0" encoding="UTF-8"?><?xml-stylesheet type="text/xsl" href="static/style.xsl"?><OAI-PMH xmlns="http://www.openarchives.org/OAI/2.0/" xmlns:xsi="http://www.w3.org/2001/XMLSchema-instance" xsi:schemaLocation="http://www.openarchives.org/OAI/2.0/ http://www.openarchives.org/OAI/2.0/OAI-PMH.xsd"><responseDate>2026-04-14T05:14:49Z</responseDate><request verb="GetRecord" identifier="oai:www.recercat.cat:10230/57644" metadataPrefix="marc">https://recercat.cat/oai/request</request><GetRecord><record><header><identifier>oai:recercat.cat:10230/57644</identifier><datestamp>2025-12-19T01:44:09Z</datestamp><setSpec>com_2072_6</setSpec><setSpec>col_2072_452953</setSpec></header><metadata><record xmlns="http://www.loc.gov/MARC21/slim" xmlns:dcterms="http://purl.org/dc/terms/" xmlns:xsi="http://www.w3.org/2001/XMLSchema-instance" xmlns:doc="http://www.lyncode.com/xoai" xsi:schemaLocation="http://www.loc.gov/MARC21/slim http://www.loc.gov/standards/marcxml/schema/MARC21slim.xsd">
   <leader>00925njm 22002777a 4500</leader>
   <datafield ind2=" " ind1=" " tag="042">
      <subfield code="a">dc</subfield>
   </datafield>
   <datafield ind2=" " ind1=" " tag="720">
      <subfield code="a">Rodero Antón, Emma</subfield>
      <subfield code="e">author</subfield>
   </datafield>
   <datafield ind2=" " ind1=" " tag="720">
      <subfield code="a">Botey Lluch, Raquel</subfield>
      <subfield code="e">author</subfield>
   </datafield>
   <datafield ind2=" " ind1=" " tag="720">
      <subfield code="a">Cecilio, Celia</subfield>
      <subfield code="e">author</subfield>
   </datafield>
   <datafield ind2=" " ind1=" " tag="260">
      <subfield code="c">2023-07-24T12:47:19Z</subfield>
   </datafield>
   <datafield ind2=" " ind1=" " tag="260">
      <subfield code="c">2023-07-24T12:47:19Z</subfield>
   </datafield>
   <datafield ind2=" " ind1=" " tag="260">
      <subfield code="c">2023-07-24</subfield>
   </datafield>
   <datafield ind2=" " ind1=" " tag="520">
      <subfield code="a">Este estudio analiza las diferencias de comprensión, respuesta&#xd;
emocional y recuerdo en la lectura y la escucha. Para determinarlas,&#xd;
150 niños de primaria leyeron y escucharon un cuento, tras lo&#xd;
cual se midieron estas variables mediante un cuestionario y un&#xd;
grupo focal. En comprensión, los niños mostraron su preferencia&#xd;
por la lectura, pero no hubo diferencias significativas con los&#xd;
resultados obtenidos en la escucha. En recuerdo, hubo diferencias&#xd;
significativas a favor de la escucha cuando se cuantificaron los&#xd;
aspectos principales que los niños retuvieron del cuento. Los&#xd;
alumnos de sexto curso y las niñas tuvieron un nivel más alto&#xd;
de recuerdo. La respuesta emocional fue significativamente&#xd;
más elevada en la escucha que en la lectura y en las niñas&#xd;
con respecto a los niños. Los resultados de esta investigación&#xd;
indican que el cerebro construye el sentido de la información&#xd;
de manera independiente a la modalidad del estímulo.</subfield>
   </datafield>
   <datafield ind2=" " ind1=" " tag="520">
      <subfield code="a">Aquest estudi analitza diferències de comprensió, resposta emocional i&#xd;
record en la lectura i l’escolta. Per determinar-les, 150 nens de primària&#xd;
van llegir i escoltar un conte i es van mesurar aquestes variables a través&#xd;
d&amp;apos;un qüestionari i un grup focal. En comprensió, els nens van mostrar la&#xd;
preferència per la lectura, però no va haver-n&amp;apos;hi diferències significatives&#xd;
amb els resultats de l&amp;apos;escolta. En record, va haver-hi diferències significatives&#xd;
a favor de l&amp;apos;escolta quan es van quantificar els aspectes principals que els&#xd;
nens van retenir del conte. Els alumnes de sisè curs i les nenes van tenir&#xd;
un nivell més alt de record. La resposta emocional va ser significativament&#xd;
més elevada en l&amp;apos;escolta que en la lectura i les nenes respecte als nens. Els&#xd;
resultats d’aquesta recerca indiquen que el cervell construeix el sentit de la&#xd;
informació de manera independent a la modalitat de l’estímul.</subfield>
   </datafield>
   <datafield ind2=" " ind1=" " tag="520">
      <subfield code="a">This study examines comprehension, emotional response, and recall&#xd;
differences in reading and listening. In order to determine these differences,&#xd;
one hundred and fifty elementary school children read and listened to a&#xd;
story, after which these variables were measured through a questionnaire&#xd;
and a focus group. In comprehension, children showed a preference for&#xd;
reading, but there were no significant differences with the results obtained&#xd;
through listening. In recall, there were significant differences in favor of&#xd;
listening when the main aspects that the children retained from the story&#xd;
were quantified. Sixth graders and girls had a higher level of recall. The&#xd;
emotional response was significantly higher in listening than in reading,&#xd;
and in girls relative to boys. The results of this research indicate that the&#xd;
brain constructs the meaning of information independently of the modality&#xd;
of the stimulus.</subfield>
   </datafield>
   <datafield tag="653" ind2=" " ind1=" ">
      <subfield code="a">Lectura</subfield>
   </datafield>
   <datafield tag="653" ind2=" " ind1=" ">
      <subfield code="a">Escucha</subfield>
   </datafield>
   <datafield tag="653" ind2=" " ind1=" ">
      <subfield code="a">Comprensión</subfield>
   </datafield>
   <datafield tag="653" ind2=" " ind1=" ">
      <subfield code="a">Emoción</subfield>
   </datafield>
   <datafield tag="653" ind2=" " ind1=" ">
      <subfield code="a">Recuerdo</subfield>
   </datafield>
   <datafield tag="653" ind2=" " ind1=" ">
      <subfield code="a">Escolta</subfield>
   </datafield>
   <datafield tag="653" ind2=" " ind1=" ">
      <subfield code="a">Comprensió</subfield>
   </datafield>
   <datafield tag="653" ind2=" " ind1=" ">
      <subfield code="a">Emoció</subfield>
   </datafield>
   <datafield tag="653" ind2=" " ind1=" ">
      <subfield code="a">Record</subfield>
   </datafield>
   <datafield tag="653" ind2=" " ind1=" ">
      <subfield code="a">Reading</subfield>
   </datafield>
   <datafield tag="653" ind2=" " ind1=" ">
      <subfield code="a">Listening</subfield>
   </datafield>
   <datafield tag="653" ind2=" " ind1=" ">
      <subfield code="a">Comprehension</subfield>
   </datafield>
   <datafield tag="653" ind2=" " ind1=" ">
      <subfield code="a">Emotion</subfield>
   </datafield>
   <datafield tag="653" ind2=" " ind1=" ">
      <subfield code="a">Recall</subfield>
   </datafield>
   <datafield ind2="0" ind1="0" tag="245">
      <subfield code="a">Comprensión, respuesta emocional y recuerdo de la información en niños de primaria al leer y escuchar</subfield>
   </datafield>
</record></metadata></record></GetRecord></OAI-PMH>